Stanovy

Bibliographic Details
Format: Article
Language:Slovak
Subjects:

MARC

LEADER 00000nab a2200000 a 4500
001 vtls000816101
003 SK-MaSNL
005 20260302151756.0
008 140912c20022003xo 0 slo
015 |a SNBRB2002/11-38494 
035 |a CLN000167756 
040 |a SNKBUCL  |b slo  |c SNKBUCL  |e AACR2 
041 0 |a slo 
044 |a xo  |c SK 
080 |a 373.21:061.2(437.6)  |2 1997 
245 0 0 |a Stanovy 
610 7 |a Svetová organizácia pre predškolskú výchovu  |b Slovenský výbor  |x stanovy  |2 snkbucl  |9 843929 
655 7 |a články z novín a časopisov  |2 snkbucl  |9 267496 
773 0 |t Predškolská výchova  |g Roč. 57, č. 2 (2002/2003), s. 44-46 
850 |a Slovenská národná knižnica v Martine 
852 |a SNK  |b KIS3GCP 
958 |a SK 
992 |a RBX 
999 |c 1360813  |d 1362743